El hombre del acordeón / (Registro nro. 7362)

Detalles MARC
000 -LIDER
fixed length control field 00887nam a2200289 a 4500
001 - NÚMERO DE CONTROL
Identificador de número de control 000043568
003 - IDENTIFICACDOR DE NÚMERO DE CONTROL
control field DO-SdBNP
005 - DATE AND TIME OF LATEST TRANSACTION
control field 20171107093934.0
007 - CAMPOS FIJOS DE DESCRIPCIÓN FÍSICA
fixed length control field 000043568
008 - ELEMENTOS DE LONGITUD FIJA
fixed length control field 140326s2014 sp 000 j spa d
020 ## - ISBN
International Standard Book Number 8478446567
040 ## - FUENTE DE CATALOGACIÓN
Agencia que crea de manera original el registro BPMSU
Idioma de catalogación spa
Agencia que realiza la transcripción BPMSU
082 ## - NÚMERO DE CLASIFICACIÓN DECIMAL DE DEWEY
Classification number RD863.44
Item number V443h
100 1# - ASIENTO PRINCIPAL -- NOMBRE PERSONAL
Nombre personal Veloz Maggiolo, Marcio,
Fechas asociadas con el nombre 1936-
245 13 - MENCIÓN DE TITULO
Título El hombre del acordeón /
Mención de responsabilidad Marcio Veloz Maggiolo.
260 ## - PUBLICACIÓN, DISTRIBUCIÓN, ETC. (PIE DE IMPRENTA)
Lugar de publicación, distribución, etc Madrid :
Nombre del editor, distribuidor, etc. Ediciones Siruela,
Fecha de publicación, distribución, etc 2003.
300 ## - DESCRIPCIÓN FÍSICA
Extensión 146 p. ;
Dimensiones 23 cm.
490 1# - MENCIÓN DE SERIES
Mención de serie Libros del tiempo
500 ## - NOTA GENERAL
Nota general Incluye datos biográficos del autor en la contracubierta
650 #4 - ENCABEZAMIENTO DE MATERIA--TEMÁTICO
Término temático o nombre geográfico como elemento de entrada CUENTOS DOMINICANOS
650 #4 - ENCABEZAMIENTO DE MATERIA--TEMÁTICO
Término temático o nombre geográfico como elemento de entrada LITERATURA DOMINICANA
830 #0 - ASIENTO SECUNDARIO DE SERIE--TÍTULO UNIFORME
Título uniforme Libros del tiempo
910 ## - VALIDACIÓN
Validación Validado. Control de calidad MFF
942 ## - ADDED ENTRY ELEMENTS (KOHA)
Source of classification or shelving scheme Dewey Decimal Classification
Koha item type Libros
945 ## - INFORMACIÓN DE PROCESAMIENTO LOCAL
Información de procesamiento local Título remanejado para BNPHU / 2017 VM
956 ## - LOCAL ELECTRONIC LOCATION AND ACCESS (OCLC)
Nombre de host VMATEO
Número de acceso 10
Información de compresión 20150908
Inicio de sesión BPMSU
Procesador de solicitud 0069
Existencias
Withdrawn status Lost status Source of classification or shelving scheme Damaged status Not for loan Collection code Home library Current library Date acquired Total Checkouts Full call number Barcode Date last seen Price effective from Koha item type Copy number
    Dewey Decimal Classification     Colección Dominicana Biblioteca Pública Metropolitana Salomé Ureña Biblioteca Pública Metropolitana Salomé Ureña 02/05/2015   RD863.44 V443h BPMSU15041131 02/05/2015 02/05/2015 Libros  
    Dewey Decimal Classification     Colección Dominicana Biblioteca Pública Metropolitana Salomé Ureña Biblioteca Pública Metropolitana Salomé Ureña 02/05/2015   RD863.44 V443h BPMSU15041132 02/05/2015 02/05/2015 Libros ej. 2